Historia de la literatura latina

Kaydedildi:
Detaylı Bibliyografya
Yazar: Codoñer, Carmen (Yazar)
Materyal Türü: Kitap
Dil:İspanyolca
Baskı/Yayın Bilgisi: Madrid Cátedra 2007
Edisyon:2a. ed
Seri Bilgileri:Crítica y Estudios Literarios
Konular:
Etiketler: Etiketle
Etiket eklenmemiş, İlk siz ekleyin!

MARC

LEADER 00000nam a2200000 a 4500
001 UCI7893
003 CL-VaPUC
008 080731e20070000SP |||||||||||||||||spa|d
020 |a 9788437624143 
082 0 4 |a 870.9  |b COD  |2 21 
100 0 |a Codoñer, Carmen  |e author  |9 531284 
245 1 0 |a Historia de la literatura latina 
250 |a 2a. ed 
300 |a 851 p 
942 |c BK 
945 |d 20080731 00:00:00  |a rbrito 
260 |a Madrid  |b Cátedra  |c 2007 
650 0 |a Literatura latina   |9 258055 
650 0 |a Historia y crítica   |9 257407 
650 0 |a Crítica literaria   |9 269189 
650 0 |a Poesía latina   |9 341307 
650 7 |a DRAMA LATINO  |2 CL-VaPUC  |9 375291 
650 7 |a TEATRO LATINO  |2 CL-VaPUC  |9 265080 
650 7 |a PROSA LATINA  |2 CL-VaPUC  |9 531285 
583 |a last modification  |c 20080731 00:00:00  |k Rodrigo Vera 
490 0 |a Crítica y Estudios Literarios 
999 |c 331022  |d 331020 
952 |0 0  |1 0  |4 0  |6 870_900000000000000_COD_2007  |7 0  |8 A  |9 417119  |a BIBHIS  |b BIBHIS  |d 2019-11-22  |i 4467981  |o 870.9 COD 2007  |p 4467981  |r 2025-01-20  |w 2019-11-22  |y BK  |k HIS